[Event "COMMONWEALTH CHESS CHAMPIONSHI"]
[Site "Nagpur,India"]
[Date "2008.09.30"]
[Round "4.81"]
[White "Niji, A."]
[Black "Sunyasakta, Satpathy"]
[Result "0-1"]
[WhiteElo "2015"]
[BlackElo "1753"]
[PlyCount "134"]
[EventDate "2008.09.28"]
[Source "MonRoi"]

1. e4 e5 2. Nf3 Nc6 3. Bc4 Nf6 4. d3 d5 5. exd5 Nxd5 6. h3 Bc5 7. O-O O-O 8.
Re1 Re8 9. c3 Nb6 10. Bg5 Be7 11. Bxe7 Rxe7 12. Bb3 Bf5 13. Bc2 Rd7 14. Nxe5
Nxe5 15. Rxe5 Bxd3 16. Na3 Bxc2 17. Qxc2 Rd2 18. Re8+ Qxe8 19. Qxd2 Rd8 20. Re1
Qd7 21. Qxd7 Nxd7 22. Nb5 c6 23. Nd6 Nf6 24. Nxb7 Rd2 25. Rb1 Ne4 26. f3 Ng3
27. Na5 Ne2+ 28. Kh1 Nf4 29. Nxc6 Nxg2 30. Nd4 Nf4 31. a4 Nxh3 32. b4 Nf2+ 33.
Kg1 Nd1 34. Rc1 h5 35. Nb3 Rd3 36. Nc5 Rd8 37. a5 h4 38. Kh2 Rd2+ 39. Kh3 g5
40. Ne4 Nf2+ 41. Nxf2 Rxf2 42. b5 Rxf3+ 43. Kg2 Rd3 44. b6 axb6 45. axb6 Rd2+
46. Kh3 Rb2 47. Kg4 f6 48. c4 Rxb6 49. c5 Rc6 50. Rc3 Kf7 51. Kf5 Ke7 52. Rc2
Kd7 53. Rc3 Kc7 54. Ke4 Re6+ 55. Kf5 Ra6 56. Kg6 Kb7 57. Kf5 Rc6 58. Ke4 g4 59.
Kf4 g3 60. Kg4 g2 61. Rc1 Rxc5 62. Rb1+ Kc6 63. Kxh4 Rg5 64. Rg1 Kd5 65. Kh3
Ke4 66. Kh4 Kf3 67. Rxg2 Rxg2 0-1

[Event "COMMONWEALTH CHESS CHAMPIONSHI"]
[Site "Nagpur,India"]
[Date "2008.09.30"]
[Round "4.82"]
[White "Navya Vyshnavi Mannepalli"]
[Black "Devesh, Mukherjee"]
[Result "1-0"]
[WhiteElo "1752"]
[BlackElo "2004"]
[PlyCount "125"]
[EventDate "2008.09.28"]
[Source "MonRoi"]

1. g3 g6 2. Bg2 Bg7 3. e3 d6 4. Ne2 e5 5. d4 Nc6 6. c4 Nge7 7. Nbc3 O-O 8. O-O
exd4 9. exd4 Bg4 10. Be3 Nf5 11. Qd2 Qd7 12. Rfe1 Rae8 13. b3 h5 14. d5 Ne5 15.
Nd4 Nxd4 16. Bxd4 Nf3+ 17. Bxf3 Bxf3 18. Qf4 Bxd4 19. Qxf3 Qg4 20. Qd3 Bg7 21.
Rad1 a6 22. Kg2 h4 23. h3 Qg5 24. Ne4 Qf5 25. gxh4 Qf4 26. Ng3 Qxh4 27. Re4
Rxe4 28. Qxe4 Qxe4+ 29. Nxe4 Re8 30. Re1 Kf8 31. Re2 f5 32. Ng3 Rxe2 33. Nxe2
Be5 34. Ng1 Kf7 35. Nf3 Kf6 36. Kf1 g5 37. Ke2 Bf4 38. Nd4 Ke5 39. Kd3 Bc1 40.
f3 Bb2 41. Ne6 Bc1 42. Kc2 Be3 43. Kd3 Bc1 44. Nxc7 Kf4 45. Ke2 Kg3 46. Ne8
Kxh3 47. Nxd6 g4 48. Nxf5 g3 49. Nxg3 Kxg3 50. c5 Ba3 51. c6 bxc6 52. dxc6 Bd6
53. Ke3 Bc7 54. Ke4 Bf4 55. Kd5 Kxf3 56. Ke6 Ke4 57. Kd7 Kd5 58. c7 Bxc7 59.
Kxc7 Kc5 60. Kb7 Kb5 61. a4+ Ka5 62. Ka7 Kb4 63. Kxa6 1-0

[Event "COMMONWEALTH CHESS CHAMPIONSHI"]
[Site "Nagpur,India"]
[Date "2008.09.30"]
[Round "4.83"]
[White "Patil, Pratik"]
[Black "Dharani Sree R"]
[Result "1-0"]
[WhiteElo "2003"]
[BlackElo "1745"]
[PlyCount "79"]
[EventDate "2008.09.28"]
[Source "MonRoi"]

1. e4 c5 2. Nf3 d6 3. d4 cxd4 4. Nxd4 Nf6 5. Nc3 a6 6. Bg5 e6 7. f4 Be7 8. Qf3
O-O 9. O-O-O Qc7 10. g4 e5 11. Nf5 Bxf5 12. gxf5 Nc6 13. Rg1 Nd4 14. Qf2 Kh8
15. Rd3 Qc5 16. Kb1 Ne6 17. Qg2 Nxg5 18. fxg5 Nh5 19. Nd5 Nf4 20. Nxf4 exf4 21.
Rh3 f3 22. Rxf3 Rac8 23. Bd3 d5 24. e5 Qd4 25. f6 Bc5 26. Rgf1 g6 27. e6 Rc6
28. e7 Re8 29. Bxg6 Rb6 30. c3 Qe5 31. Bxf7 Ba3 32. b3 d4 33. Bxe8 dxc3 34. f7
Bxe7 35. f8=Q+ Bxf8 36. Rxf8+ Kg7 37. R1f7+ Kg6 38. Rg8+ Qg7 39. Rgxg7+ Kh5 40.
Qh3# 1-0

[Event "COMMONWEALTH CHESS CHAMPIONSHI"]
[Site "Nagpur,India"]
[Date "2008.09.30"]
[Round "4.84"]
[White "Ishwar, Ramteke"]
[Black "Mohapatra, Sidhant"]
[Result "1-0"]
[WhiteElo "1741"]
[BlackElo "1995"]
[PlyCount "131"]
[EventDate "2008.09.28"]
[Source "MonRoi"]

1. e4 c5 2. Nf3 Nc6 3. d4 cxd4 4. Nxd4 Nf6 5. Nc3 d6 6. f3 e6 7. Be3 Be7 8. Qd2
d5 9. exd5 Nxd5 10. Nxd5 Qxd5 11. c4 Qe5 12. a3 O-O 13. Nxc6 bxc6 14. f4 Qc7
15. Bd3 e5 16. O-O Rd8 17. Qc2 h6 18. Kh1 Bb7 19. fxe5 Qxe5 20. Rae1 Bd6 21.
Bh7+ Kh8 22. Bg1 Qh5 23. Be4 Re8 24. Bf3 Qh4 25. Rxe8+ Rxe8 26. b4 Re7 27. Rd1
Qf4 28. Qd3 Bc7 29. b5 Bc8 30. Bxc6 Bg4 31. Rf1 Qg5 32. Qd5 Qg6 33. Bxa7 Re5
34. Qd2 Be2 35. Re1 Bxc4 36. Rxe5 Bxe5 37. Bg1 Qf6 38. Qf2 Qd6 39. Qc5 Qe6 40.
b6 Bd6 41. Qe3 Qxe3 42. Bxe3 Kg8 43. a4 Ba6 44. b7 Bb8 45. Bc5 Bc4 46. Kg1 f5
47. Kf2 Kf7 48. h3 Ke6 49. Ke3 g5 50. Kd4 Bf1 51. Bd5+ Kf6 52. Bf8 Ba7+ 53. Kc3
Ke5 54. Bc6 h5 55. Kb4 g4 56. hxg4 fxg4 57. Be7 Ke6 58. Bh4 Kd6 59. Be4 Ke5 60.
Bf2 Bb8 61. Bg3+ Kxe4 62. Bxb8 Ba6 63. g3 Bxb7 64. Kc5 Ba6 65. Bc7 Kd3 66. a5
1-0

[Event "COMMONWEALTH CHESS CHAMPIONSHI"]
[Site "Nagpur,India"]
[Date "2008.09.30"]
[Round "4.85"]
[White "Lobo, Richard A"]
[Black "Monnisha G K"]
[Result "0-1"]
[WhiteElo "1979"]
[BlackElo "1741"]
[PlyCount "83"]
[EventDate "2008.09.28"]
[Source "MonRoi"]

1. e4 c5 2. c3 d5 3. exd5 Qxd5 4. d4 Nf6 5. Nf3 e6 6. Be3 cxd4 7. cxd4 Bb4+ 8.
Nc3 Qa5 9. Qb3 O-O 10. Bd3 Nd5 11. Bd2 Nc6 12. O-O Rd8 13. a3 Be7 14. Rac1 Nxc3
15. Bxc3 Qd5 16. Bc4 Qe4 17. Rfe1 Qf4 18. d5 exd5 19. Bxd5 Bf8 20. Bd2 Qf5 21.
Be4 Qd7 22. Bg5 Re8 23. Rcd1 Bd6 24. Qd3 Re6 25. Bxh7+ Kf8 26. Rxe6 Qxe6 27.
Qxd6+ Qxd6 28. Rxd6 Bg4 29. Be4 Bxf3 30. Bxf3 Ne5 31. Rd8+ Rxd8 32. Bxd8 Nc4
33. Bxb7 Nxb2 34. Ba6 Ke8 35. Ba5 f6 36. Bc3 Nd1 37. Bd4 Kd7 38. Be2 Nxf2 39.
Kxf2 a5 40. Bb6 a4 41. Bb5+ Kc8 42. Bxa4 0-1

[Event "COMMONWEALTH CHESS CHAMPIONSHI"]
[Site "Nagpur,India"]
[Date "2008.09.30"]
[Round "4.86"]
[White "Dave, Shiv Shankar"]
[Black "Kamath, Shreyas M"]
[Result "1/2-1/2"]
[WhiteElo "1959"]
[BlackElo "1729"]
[PlyCount "60"]
[EventDate "2008.09.28"]
[Source "MonRoi"]

1. e4 e5 2. Nf3 Nf6 3. Nc3 Bb4 4. Bc4 d6 5. O-O O-O 6. d3 Be6 7. Bg5 Bxc4 8.
dxc4 Bxc3 9. bxc3 Nbd7 10. Nd2 Nc5 11. f4 Ne6 12. fxe5 dxe5 13. Bxf6 gxf6 14.
g3 Kh8 15. Qe2 Rg8 16. Kh1 Rg6 17. Nf3 Rh6 18. Nh4 Rxh4 19. gxh4 Nf4 20. Qg4
Qg8 21. Rxf4 exf4 22. Qxf4 Qd8 23. Rg1 Qe7 24. Qg4 Qf8 25. Qf4 Qd6 26. Qg4 Qf8
27. Qf4 Qd6 28. Qg4 Qf8 29. Qd7 Qe8 30. Qg4 Qf8 1/2-1/2

[Event "COMMONWEALTH CHESS CHAMPIONSHI"]
[Site "Nagpur,India"]
[Date "2008.09.30"]
[Round "4.87"]
[White "Naresh Kantode"]
[Black "Shristi, J  Shetty"]
[Result "0-1"]
[WhiteElo "1718"]
[BlackElo "1959"]
[PlyCount "70"]
[EventDate "2008.09.28"]
[Source "MonRoi"]

1. e4 c5 2. Nf3 Nc6 3. d4 cxd4 4. Nxd4 Nf6 5. Nc3 e5 6. Ndb5 d6 7. Bg5 a6 8.
Na3 b5 9. Bxf6 gxf6 10. Nd5 f5 11. Bd3 Be6 12. c3 Bg7 13. Bc2 f4 14. Bb3 O-O
15. Qh5 Na5 16. g3 Nxb3 17. axb3 f5 18. f3 fxe4 19. fxe4 Bxd5 20. exd5 f3 21.
O-O Qb6+ 22. Kh1 f2 23. Qe2 Rae8 24. Kg2 Qc5 25. Rad1 b4 26. Nb1 e4 27. Rxf2
Rxf2+ 28. Qxf2 e3 29. Qe1 e2 30. Rd3 Qa5 31. Rd2 bxc3 32. Rxe2 Rxe2+ 33. Qxe2
Qxd5+ 34. Kh3 Qf5+ 35. Kg2 c2 0-1

[Event "COMMONWEALTH CHESS CHAMPIONSHI"]
[Site "Nagpur,India"]
[Date "2008.09.30"]
[Round "4.88"]
[White "Nihal, Manjunath"]
[Black "Meghna, C H."]
[Result "1-0"]
[WhiteElo "1947"]
[BlackElo "1729"]
[PlyCount "87"]
[EventDate "2008.09.28"]
[Source "MonRoi"]

1. d4 d5 2. c4 e6 3. Nc3 Nf6 4. cxd5 exd5 5. Bg5 Nbd7 6. e3 c6 7. Bd3 Be7 8.
Nge2 O-O 9. Qc2 b6 10. O-O Bb7 11. e4 h6 12. Bxf6 Nxf6 13. e5 Nd7 14. Nf4 Bg5
15. Nce2 Bxf4 16. Nxf4 Qg5 17. g3 Rfe8 18. h4 Qd8 19. Rae1 Nf8 20. b4 Ne6 21.
Nxe6 fxe6 22. Qe2 Qe7 23. Qg4 Red8 24. Re3 Qe8 25. Rf3 Rd7 26. Bg6 Qe7 27. Rf7
Qxf7 28. Bxf7+ Kxf7 29. h5 Re7 30. Qg6+ Kg8 31. f4 Ba6 32. Rf2 Rae8 33. g4 Rf8
34. g5 hxg5 35. fxg5 Rxf2 36. Kxf2 Rf7+ 37. Kg3 Re7 38. h6 Kh8 39. hxg7+ Rxg7
40. Qh6+ Kg8 41. Qxe6+ Kf8 42. g6 Bb7 43. Qf6+ Kg8 44. Qd8# 1-0

[Event "COMMONWEALTH CHESS CHAMPIONSHI"]
[Site "Nagpur,India"]
[Date "2008.09.30"]
[Round "4.89"]
[White "M  Anshuman"]
[Black "Lolla, Sembhu"]
[Result "0-1"]
[WhiteElo "1566"]
[BlackElo "1945"]
[PlyCount "110"]
[EventDate "2008.09.28"]
[Source "MonRoi"]

1. e4 e6 2. d4 g6 3. c3 Bg7 4. Nf3 Ne7 5. Bd3 d5 6. e5 c5 7. O-O Nbc6 8. Re1
Qb6 9. h3 Bd7 10. Bc2 O-O 11. Qd3 cxd4 12. cxd4 Nf5 13. Rd1 Nb4 14. Qb3 Nxc2
15. Qxc2 f6 16. Bf4 fxe5 17. Bxe5 Bxe5 18. Nxe5 Bb5 19. Qd2 Nd6 20. Qg5 Ne4 21.
Qc1 Nxf2 22. Rd2 Ne4 23. Rd1 Ng3 24. Nc3 Rac8 25. Qd2 Qa6 26. Nf3 Be2 27. Nxe2
Nxe2+ 28. Kh2 Rxf3 29. gxf3 Qd6+ 30. Kh1 Nf4 31. Qh2 Rf8 32. Rf1 Rf5 33. h4 Rh5
34. Rae1 Qe7 35. Kg1 Rxh4 36. Qg3 Qf6 37. Re5 Rh3 38. Qg5 Ne2+ 39. Kg2 Rg3+ 40.
Qxg3 Nxg3 41. Kxg3 Qe7 42. Rfe1 Kf7 43. Rxd5 exd5 44. Rxe7+ Kxe7 45. Kg4 Kf6
46. a3 h5+ 47. Kf4 g5+ 48. Kg3 Kf5 49. b4 b5 50. Kg2 Kf4 51. Kf2 h4 52. Kg2 Ke3
53. a4 bxa4 54. b5 a3 55. b6 axb6 0-1

[Event "COMMONWEALTH CHESS CHAMPIONSHI"]
[Site "Nagpur,India"]
[Date "2008.09.30"]
[Round "4.93"]
[White "Mithil, Ajgaonkar"]
[Black "Raghav, srivathsav V"]
[Result "1-0"]
[WhiteElo "1930"]
[BlackElo "1686"]
[PlyCount "117"]
[EventDate "2008.09.28"]
[Source "MonRoi"]

1. d4 Nf6 2. Nf3 e6 3. Bf4 b6 4. e3 Bb7 5. Nbd2 d5 6. c3 a6 7. Bd3 Nbd7 8. O-O
Be7 9. Re1 h6 10. e4 dxe4 11. Nxe4 Bxe4 12. Bxe4 Nxe4 13. Rxe4 Nf6 14. Re1 O-O
15. Ne5 Nd5 16. Bg3 Nf6 17. Qf3 Qd5 18. Qxd5 Nxd5 19. Rad1 Bd6 20. c4 Nf6 21.
Nc6 Rfe8 22. Be5 Nd7 23. Re2 Nxe5 24. dxe5 Bc5 25. Rd7 Rac8 26. b4 Bf8 27. Re3
f5 28. exf6 gxf6 29. Rg3+ Kh8 30. Rg6 f5 31. Rf6 Bg7 32. Rff7 Bf8 33. Ne5 Red8
34. Ng6+ Kg8 35. Nxf8 Rxd7 36. Rxd7 Kxf8 37. Rh7 Rd8 38. g3 Rd2 39. Rxc7 Rxa2
40. Rb7 a5 41. Rxb6 a4 42. Ra6 a3 43. b5 Rc2 44. b6 Rb2 45. c5 a2 46. Kg2 Ke7
47. Ra7+ Kd8 48. Kf3 Kc8 49. Ke3 Kb8 50. h4 e5 51. f3 h5 52. Kd3 Kc8 53. Kc3
Rf2 54. c6 a1=Q+ 55. Rxa1 Rxf3+ 56. Kc4 Kb8 57. c7+ Kb7 58. Ra8 Kxb6 59. c8=Q
1-0

[Event "COMMONWEALTH CHESS CHAMPIONSHI"]
[Site "Nagpur,India"]
[Date "2008.09.30"]
[Round "4.95"]
[White "Cholleti, Sahajasri"]
[Black "Prajapati, Malhar"]
[Result "1-0"]
[WhiteElo "1918"]
[BlackElo "1598"]
[PlyCount "119"]
[EventDate "2008.09.28"]
[Source "MonRoi"]

1. d4 Nf6 2. Nf3 g6 3. c4 d5 4. Nc3 Bg7 5. Bf4 c6 6. e3 O-O 7. Bd3 dxc4 8. Bxc4
Nd5 9. Bg3 e6 10. O-O Nd7 11. Qe2 N7f6 12. e4 Nb6 13. Bb3 Qe7 14. Rfd1 Rd8 15.
h3 Bd7 16. Rac1 Rac8 17. Bh4 Qf8 18. e5 Nfd5 19. Ne4 f5 20. Nd6 Rb8 21. Ne8
Rxe8 22. Nd2 Kh8 23. Bxd5 exd5 24. Nb3 f4 25. Nc5 Bc8 26. f3 Nc4 27. Bf2 Ne3
28. Bxe3 fxe3 29. Nd3 Bh6 30. Rf1 Bf5 31. Rce1 Bxd3 32. Qxd3 Qf4 33. Re2 c5 34.
Qb5 Qf8 35. Qxc5 Qxc5 36. dxc5 Rxe5 37. f4 Re4 38. Rd1 d4 39. g3 Bg7 40. Kg2
Re6 41. Kf3 Kg8 42. Rd3 Kf8 43. Ra3 a6 44. b4 Ke7 45. Rb3 Kd7 46. a4 Kc6 47.
Rc2 Re7 48. b5+ axb5 49. axb5+ Kd5 50. c6 Rc7 51. cxb7 Rcxb7 52. b6 Kd6 53. Ke2
Bf6 54. Kd3 h6 55. Ra2 Kc6 56. Ra7 Rxb6 57. Rxb6+ Kxb6 58. Rh7 Kc5 59. Rxh6 Kb4
60. Rxg6 1-0

[Event "COMMONWEALTH CHESS CHAMPIONSHI"]
[Site "Nagpur,India"]
[Date "2008.09.30"]
[Round "4.97"]
[White "Sweety, Patel"]
[Black "Madhuri N"]
[Result "1-0"]
[WhiteElo "1902"]
[BlackElo "1585"]
[PlyCount "87"]
[EventDate "2008.09.28"]
[Source "MonRoi"]

1. e4 d6 2. d4 g6 3. Nf3 Bg7 4. Bd3 c5 5. dxc5 Qa5+ 6. c3 Qxc5 7. Be3 Qc7 8.
O-O Nc6 9. h3 a6 10. a4 e6 11. Na3 Nge7 12. Nc4 f5 13. Nb6 Rb8 14. exf5 Nxf5
15. Bxf5 exf5 16. Nc4 O-O 17. Nxd6 f4 18. Qd5+ Kh8 19. Bc5 b6 20. Ba3 Bb7 21.
Nxb7 Rf5 22. Qe4 Qxb7 23. Bd6 Rc8 24. Bxf4 Qf7 25. Ng5 Qf6 26. Ne6 Re8 27. Rae1
Nd8 28. Qa8 Rxe6 29. Rxe6 Qxe6 30. Qxd8+ Rf8 31. Qd6 Qf5 32. Be3 b5 33. Qxa6
bxa4 34. Qxa4 Qd3 35. Rd1 Qf5 36. Bd4 Bxd4 37. Qxd4+ Kg8 38. b4 Rc8 39. c4 Qc2
40. c5 Qa4 41. Qd7 Qa8 42. Qe6+ Kg7 43. Rd7+ Kh6 44. Qe3+ 1-0

[Event "COMMONWEALTH CHESS CHAMPIONSHI"]
[Site "Nagpur,India"]
[Date "2008.09.30"]
[Round "4.114"]
[White "Megha Gupta"]
[Black "Nisha, N  Patkar"]
[Result "1/2-1/2"]
[WhiteElo "1643"]
[BlackElo "1846"]
[PlyCount "113"]
[EventDate "2008.09.28"]
[Source "MonRoi"]

1. d4 Nf6 2. c4 e6 3. Nf3 b6 4. g3 Bb7 5. Bg2 Be7 6. O-O O-O 7. Nc3 d6 8. Qc2
Nbd7 9. Rd1 Qc8 10. b3 c5 11. Bb2 a6 12. dxc5 dxc5 13. e3 Qc7 14. Rd2 Rad8 15.
Rad1 h6 16. Rc1 Ne8 17. Ne2 Nd6 18. Ne5 Bxg2 19. Kxg2 Qb7+ 20. Kg1 Nf6 21. Nf4
Nfe4 22. Rdd1 Ng5 23. h4 Nge4 24. Qe2 Bf6 25. Ng4 Bxb2 26. Qxb2 Nf5 27. Qe2
Rxd1+ 28. Qxd1 Qc7 29. Qd3 Nfd6 30. Rd1 Rd8 31. Qc2 Qe7 32. Ne5 Qb7 33. Rd3 Qc7
34. Qe2 Nf6 35. Qf3 Nde4 36. Ng4 a5 37. Nxf6+ Nxf6 38. Qd1 Rxd3 39. Qxd3 e5 40.
Ne2 Ne8 41. Nc3 Qd6 42. Nd5 Nc7 43. e4 Nxd5 44. exd5 g6 45. Qe3 Kg7 46. Kg2 h5
47. Qe4 f5 48. Qe3 e4 49. Qc3+ Kh7 50. f3 exf3+ 51. Kxf3 Kg8 52. Qe3 Kf7 53.
Qf4 Qf6 54. Qd2 Qd6 55. Qe3 Kf6 56. Qc3+ Kf7 57. Qe3 1/2-1/2

[Event "Commonwealth Chess Championship 2008"]
[Site "Nagpur India"]
[Date "2008.10.01"]
[Round "?"]
[White "Mahmood, Lodhi"]
[Black "Deep, Sengupta"]
[Result "0-1"]
[WhiteElo "2379"]
[BlackElo "2454"]
[PlyCount "150"]
[EventDate "2008.09.28"]
[Source "MonRoi"]

1. d4 e6 2. c4 d5 3. Nc3 c6 4. cxd5 exd5 5. Nf3 Bd6 6. g3 Nf6 7. Bg2 O-O 8. O-O
Re8 9. Qc2 Nbd7 10. Nh4 Bf8 11. b3 a5 12. a4 Nb8 13. Bb2 Na6 14. Rad1 Nb4 15.
Qb1 g6 16. Rfe1 Be6 17. Ba1 Bg7 18. f4 Qc8 19. e4 dxe4 20. Nxe4 Nxe4 21. Bxe4
Bd5 22. Nf3 Rxe4 23. Rxe4 Bxe4 24. Qxe4 Qe8 25. Re1 Qxe4 26. Rxe4 Nd5 27. Kf2
f6 28. Re2 Kf7 29. Nd2 Bf8 30. Ne4 Re8 31. Kf3 h6 32. Bb2 Bb4 33. Nc5 Rxe2 34.
Kxe2 b6 35. Nd3 Ke6 36. Nxb4 Nxb4 37. Bc3 Nd5 38. Bd2 h5 39. Kd3 f5 40. Kc4 Nf6
41. Be3 Kd6 42. Bg1 Nd5 43. Bf2 b5+ 44. axb5 Nb6+ 45. Kd3 cxb5 46. Be1 b4 47.
Bd2 Kd5 48. Be1 Nd7 49. Bf2 Nf6 50. Be1 Ng4 51. h3 Nf6 52. Bd2 Ne4 53. Be1 Nd6
54. Bd2 Nc8 55. Be1 Nb6 56. Bd2 Kc6 57. Be1 Nd5 58. Kc4 h4 59. Bf2 hxg3 60.
Bxg3 Nb6+ 61. Kd3 Kd5 62. Be1 Kc6 63. Bd2 Kb5 64. d5 Nxd5 65. Kd4 Nf6 66. Ke5
Ne4 67. Be1 Nc5 68. Kf6 Nxb3 69. Kxg6 a4 70. Bh4 Kc4 71. Bf6 Nd4 72. h4 a3 73.
h5 a2 74. h6 a1=Q 75. h7 Qa8 0-1

[Event "Commonwealth Chess Championship 2008"]
[Site "Nagpur India"]
[Date "2008.10.01"]
[Round "?"]
[White "Anup, Deshmukh"]
[Black "S P, Sethuraman"]
[Result "1-0"]
[WhiteElo "2284"]
[BlackElo "2425"]
[PlyCount "99"]
[EventDate "2008.09.28"]
[Source "MonRoi"]

1. c4 Nf6 2. Nc3 e5 3. Nf3 Nc6 4. g3 Bc5 5. Bg2 d6 6. d3 a6 7. O-O h6 8. a3 O-O
9. h3 Be6 10. b3 Ba7 11. Bb2 Qd7 12. Kh2 Nd4 13. Ng1 c6 14. e3 Nf5 15. e4 Nd4
16. Nce2 c5 17. Nxd4 cxd4 18. f4 Qe7 19. Qe2 b5 20. Rf2 Rab8 21. Raf1 bxc4 22.
bxc4 Nh7 23. f5 Bd7 24. Bc1 f6 25. Nf3 Rb3 26. Nh4 Rfb8 27. Ng6 Qf7 28. Bf3 Nf8
29. Bh5 Nxg6 30. fxg6 Qe7 31. g4 Qe6 32. Rf3 Bc5 33. g5 hxg5 34. Bg4 Qe8 35.
Bxd7 Qxd7 36. Rf5 Kf8 37. Qh5 Ke7 38. Bxg5 Kd8 39. Bxf6+ Kc7 40. Bxg7 Qa4 41.
Rf7+ Kb6 42. Qf3 Qxa3 43. Rd1 Ka5 44. Bh6 Rb2+ 45. Kg3 Rb1 46. g7 Qa1 47. Rxb1
Rxb1 48. Kh4 Rg1 49. Bg5 Qe1+ 50. Qf2 1-0

[Event "Commonwealth Chess Championship 2008"]
[Site "Nagpur India"]
[Date "2008.10.01"]
[Round "?"]
[White "Ziaur, Rahman"]
[Black "Subbaraman, Meenakshi"]
[Result "1-0"]
[WhiteElo "2564"]
[BlackElo "2336"]
[PlyCount "133"]
[EventDate "2008.09.28"]
[Source "MonRoi"]

1. c4 d6 2. Nc3 g6 3. d4 Bg7 4. Nf3 Bg4 5. Bg5 h6 6. Bf4 Nd7 7. h3 Bxf3 8. exf3
c5 9. d5 Bxc3+ 10. bxc3 Ngf6 11. Be2 Qc7 12. Qd2 g5 13. Be3 O-O-O 14. h4 Ne5
15. O-O-O Nfd7 16. Qc2 f6 17. Qb3 Qa5 18. Kc2 Kc7 19. Rb1 Rb8 20. g3 Nb6 21. f4
gxf4 22. Bxf4 Qa4 23. Qxa4 Nxa4 24. Rhe1 Nb6 25. Bf1 Rbe8 26. Re4 Ng6 27. Bd2
Ne5 28. Rbe1 Rh7 29. Bc1 Kd8 30. Kb3 Nbd7 31. Rf4 Rg8 32. Rf5 h5 33. Rf4 Rg4
34. Be2 Rxf4 35. Bxf4 Ng4 36. Bd3 Rg7 37. Re2 Nge5 38. Bf5 Nb6 39. Re4 Nbd7 40.
Re1 Ng4 41. f3 Nge5 42. Rf1 Ng6 43. Bh6 Rg8 44. Be6 Rh8 45. Bd2 Ndf8 46. Bf5
Rg8 47. Be1 Ne5 48. g4 Rh8 49. g5 Ke8 50. f4 Neg6 51. Bc8 b6 52. Bf5 e6 53.
dxe6 Ne7 54. Be4 f5 55. Bd5 Nfg6 56. Ka4 Nxd5 57. cxd5 a6 58. c4 Kd8 59. Bc3
Rh7 60. Bf6+ Ke8 61. e7 Nxe7 62. Rb1 Nc8 63. g6 Rh6 64. Re1+ Kd7 65. Rg1 b5+
66. Ka5 Ne7 67. Bxe7 1-0

[Event "Commonwealth Chess Championship 2008"]
[Site "Nagpur India"]
[Date "2008.10.01"]
[Round "?"]
[White "Abhijit, Kunte"]
[Black "Sundar M, Shyam"]
[Result "1/2-1/2"]
[WhiteElo "2554"]
[BlackElo "2312"]
[PlyCount "105"]
[EventDate "2008.09.28"]
[Source "MonRoi"]

1. d4 Nf6 2. c4 g6 3. Nc3 Bg7 4. g3 O-O 5. Bg2 d6 6. Nf3 Na6 7. O-O c5 8. d5
Nc7 9. Nd2 Rb8 10. a4 e6 11. h3 Re8 12. Re1 b6 13. e4 a6 14. Nf3 e5 15. Rb1 a5
16. Bg5 Ba6 17. b3 h6 18. Be3 Kh7 19. Nh2 Ng8 20. h4 Bc8 21. h5 Nf6 22. hxg6+
fxg6 23. g4 Rf8 24. f3 Nce8 25. Rb2 Rb7 26. Bf1 Ng8 27. Rg2 g5 28. Be2 Ne7 29.
Nf1 Ng6 30. Ng3 Nf4 31. Rh2 Nf6 32. Nf5 Bxf5 33. exf5 Rh8 34. Bxf4 exf4 35. Bd3
Kg8 36. Re6 Nxg4 37. fxg4 Bd4+ 38. Kf1 Bxc3 39. Qe2 Be5 40. Qe4 Rf7 41. Rhxh6
Rxh6 42. Rxh6 Rf6 43. Rh5 Rf7 44. Rh6 Rf6 45. Rh5 Rf7 46. f6 Qxf6 47. Qh1 f3
48. Bf5 Bf4 49. Qxf3 Qa1+ 50. Kg2 Qb2+ 51. Kf1 Qa1+ 52. Kg2 Qb2+ 53. Kf1
1/2-1/2

[Event "Commonwealth Chess Championship 2008"]
[Site "Nagpur India"]
[Date "2008.10.01"]
[Round "?"]
[White "Abhijeet, Gupta"]
[Black "Khamparia, Akshat"]
[Result "1/2-1/2"]
[WhiteElo "2551"]
[BlackElo "2305"]
[PlyCount "92"]
[EventDate "2008.09.28"]
[Source "MonRoi"]

1. d4 Nf6 2. c4 g6 3. Nc3 Bg7 4. e4 d6 5. f3 O-O 6. Be3 c5 7. d5 Qa5 8. Qd2 a6
9. a4 Nbd7 10. Nge2 Ne5 11. Nc1 Qb4 12. a5 Bd7 13. Na4 b5 14. Qxb4 cxb4 15. Nb6
Nxc4 16. Bxc4 bxc4 17. Nxa8 Rxa8 18. Na2 b3 19. Nc3 Be8 20. Kd2 Rb8 21. Rhc1
Nd7 22. f4 Nf6 23. h3 h5 24. Re1 h4 25. Bd4 Bh6 26. Rf1 Nh5 27. Ne2 f5 28. exf5
gxf5 29. Rae1 Kf7 30. Rc1 Rb5 31. Rxc4 Rxd5 32. Nc3 Rxa5 33. Be3 Nf6 34. Rb4
Nd5 35. Rxb3 Nxe3 36. Kxe3 Bc6 37. Rf2 Rc5 38. Kd3 a5 39. Ra3 Kf6 40. Ra1 e5
41. fxe5+ dxe5 42. Ke2 Ke6 43. Rd1 Bg5 44. Ke1 a4 45. Ra1 Rc4 46. Nd1 e4
1/2-1/2

[Event "Commonwealth Chess Championship 2008"]
[Site "Nagpur India"]
[Date "2008.10.01"]
[Round "?"]
[White "R R, Laxman"]
[Black "Kumar C, Praveen"]
[Result "1-0"]
[WhiteElo "2498"]
[BlackElo "2302"]
[PlyCount "77"]
[EventDate "2008.09.28"]
[Source "MonRoi"]

1. Nf3 Nf6 2. c4 e6 3. g3 c5 4. Bg2 Be7 5. O-O a6 6. Nc3 Qc7 7. e4 d6 8. d4
cxd4 9. Nxd4 Nbd7 10. Be3 Ne5 11. Rc1 Bd7 12. b3 Rc8 13. h3 Qb8 14. f4 Nc6 15.
g4 h6 16. Qe2 Nh7 17. Nf3 O-O 18. Rfd1 Rce8 19. c5 Bc8 20. cxd6 Bxd6 21. e5 Ba3
22. Rc2 f6 23. Bb6 fxe5 24. fxe5 Be7 25. Ne4 Nxe5 26. Nxe5 Qxe5 27. Bc7 Qb5 28.
Qxb5 axb5 29. Bf1 Rf3 30. Bxb5 Ref8 31. Bd6 R3f7 32. Rdc1 Bxd6 33. Nxd6 Bd7 34.
Nxf7 Bxb5 35. Ne5 Ng5 36. Kg2 Nf7 37. Nxf7 Rxf7 38. Rc8+ Kh7 39. R8c7 1-0

[Event "Commonwealth Chess Championship 2008"]
[Site "Nagpur India"]
[Date "2008.10.01"]
[Round "?"]
[White "S, Nitin"]
[Black "Dibyendu, Barua"]
[Result "1/2-1/2"]
[WhiteElo "2303"]
[BlackElo "2497"]
[PlyCount "47"]
[EventDate "2008.09.28"]
[Source "MonRoi"]

1. e4 e6 2. d4 d5 3. Nc3 Bb4 4. Nge2 Nf6 5. e5 Nfd7 6. f4 Be7 7. f5 Nf8 8. Nf4
exf5 9. Ncxd5 Ne6 10. g3 O-O 11. Bg2 c6 12. Nxe7+ Qxe7 13. O-O Nd7 14. c4 Rd8
15. Nxe6 fxe6 16. Qe2 Rb8 17. a4 Nf8 18. Be3 Bd7 19. Qd2 h6 20. b4 Be8 21. Qc3
Rbc8 22. a5 a6 23. Qb3 Ng6 24. Rf2 1/2-1/2

[Event "Commonwealth Chess Championship 2008"]
[Site "Nagpur India"]
[Date "2008.10.01"]
[Round "?"]
[White "J, Ramakrishna"]
[Black "Enamul, Hossain"]
[Result "0-1"]
[WhiteElo "2321"]
[BlackElo "2489"]
[PlyCount "52"]
[EventDate "2008.09.28"]
[Source "MonRoi"]

1. Nf3 c5 2. e3 Nf6 3. b3 g6 4. Bb2 Bg7 5. c4 O-O 6. Be2 Nc6 7. O-O d5 8. cxd5
Qxd5 9. Nc3 Qf5 10. Rc1 Rd8 11. Na4 b6 12. Nh4 Qd7 13. d4 cxd4 14. Bb5 Bb7 15.
Bxd4 Qe6 16. Bc4 Qe4 17. Nf3 Qf5 18. Qe2 Nxd4 19. Nxd4 Qg5 20. f4 Qg4 21. Nf3
Bd5 22. Ba6 Ne4 23. Rc7 Bf6 24. Rfc1 h5 25. Nb2 Nc5 26. Ne5 Bxe5 0-1

[Event "Commonwealth Chess Championship 2008"]
[Site "Nagpur India"]
[Date "2008.10.01"]
[Round "?"]
[White "Magesh Chandran, Panchanathan"]
[Black "Pankaj, Joshi"]
[Result "0-1"]
[WhiteElo "2486"]
[BlackElo "2281"]
[PlyCount "114"]
[EventDate "2008.09.28"]
[Source "MonRoi"]

1. Nf3 Nf6 2. g3 d6 3. Bg2 e5 4. O-O Be7 5. c4 O-O 6. d4 Nbd7 7. Nc3 c6 8. e4
a6 9. a4 a5 10. h3 Re8 11. Be3 Bf8 12. Ne1 exd4 13. Bxd4 Nc5 14. Bxc5 dxc5 15.
Qc2 Nh5 16. Kh2 g6 17. Rd1 Qe7 18. f4 Be6 19. b3 Rad8 20. Nf3 Rxd1 21. Rxd1 Rd8
22. Re1 f6 23. e5 f5 24. Ng5 Ng7 25. Nd5 cxd5 26. cxd5 Rxd5 27. Nxe6 Qxe6 28.
Bxd5 Qxd5 29. Rd1 Qf7 30. Qc4 Ne6 31. Rd5 b6 32. Kg2 Kg7 33. Kf2 Qb7 34. Ke3
Be7 35. h4 h5 36. Kd2 Kf8 37. Kc3 Qc6 38. Kb2 Qb7 39. Ka3 b5 40. axb5 Nc7 41.
Rd3 Nxb5+ 42. Ka4 Nd4 43. Rd2 Qb4+ 44. Qxb4 axb4 45. Rd1 Kf7 46. Rd3 Ke6 47.
Ka5 Kd5 48. Kb6 c4 49. bxc4+ Kxc4 50. Rd1 b3 51. Kc7 b2 52. Kd7 Ba3 53. e6 Ne2
54. Rb1 Kc3 55. e7 Bxe7 56. Kxe7 Kc2 57. Rf1 Nxg3 0-1

[Event "Commonwealth Chess Championship 2008"]
[Site "Nagpur India"]
[Date "2008.10.01"]
[Round "?"]
[White "Purushothaman, T."]
[Black "Das, Neelotpal"]
[Result "1-0"]
[WhiteElo "2303"]
[BlackElo "2462"]
[PlyCount "99"]
[EventDate "2008.09.28"]
[Source "MonRoi"]

1. d4 Nf6 2. c4 c6 3. Nf3 d5 4. e3 a6 5. Bd3 Bg4 6. Nbd2 Nbd7 7. Qc2 e6 8. b3
Rc8 9. c5 g6 10. Bb2 Bg7 11. h3 Bf5 12. g4 Bxd3 13. Qxd3 Ne4 14. Nxe4 dxe4 15.
Qxe4 Nxc5 16. Qc2 Nd7 17. O-O O-O 18. Rad1 f5 19. g5 Nb6 20. h4 Nd5 21. Ba3 Re8
22. Kg2 a5 23. h5 Nb4 24. Bxb4 axb4 25. Qc4 Qd6 26. Rh1 Ra8 27. hxg6 hxg6 28.
Ne5 Rxa2 29. Nxg6 b5 30. Qc5 Qxc5 31. dxc5 Rc2 32. Rd7 Rxc5 33. Nf4 Be5 34. Nd3
Rd5 35. Nxe5 Rxe5 36. Rdh7 Rf8 37. Rh8+ Kg7 38. R1h7+ Kg6 39. Rh6+ Kg7 40.
R8h7+ Kg8 41. Kg3 Re4 42. Kf3 Rg4 43. Rh8+ Kg7 44. Rxf8 Kxf8 45. Rxe6 Rxg5 46.
Rxc6 Ke7 47. Rc5 Ke6 48. Rxb5 Rg4 49. Ke2 f4 50. e4 1-0